Hextall's application (Record no. 100402)
[ view plain ]
| 000 -LEADER | |
|---|---|
| fixed length control field | 01036cam a2200181 4500 |
| 001 - CONTROL NUMBER | |
| control field | X105464 |
| 008 - FIXED-LENGTH DATA ELEMENTS--GENERAL INFORMATION | |
| fixed length control field | 000000n2000 000 0 eng u |
| 035 ## - SYSTEM CONTROL NUMBER | |
| System control number | (Sirsi) u105464 |
| 245 ## - TITLE STATEMENT | |
| Title | Hextall's application |
| 260 ## - PUBLICATION, DISTRIBUTION, ETC. | |
| Date of publication, distribution, etc. | 2000 |
| 490 ## - SERIES STATEMENT | |
| Series statement | Property, Planning and Compensation Reports |
| Volume/sequential designation | 79 P&CR 382-397(16) |
| 520 ## - SUMMARY, ETC. | |
| Summary, etc. | LT 2 November 1998. Land law-Restrictive Covenant-Land to be used for agricultural purposesonly-S84 application to modify or discharge restriction-Development of 20 low cost houes and public open space-Whether restriction obsolete-Whether proposed use reasonable-Whether loss of practical benefits to bojectors-Whether benefits of substantial value-Effect on possible future applicaitons for further develoment-Law of Property Act 1925 s84(1)(a) and (aa) (Headnote from journal article) |
| 650 ## - SUBJECT ADDED ENTRY--TOPICAL TERM | |
| Topical term or geographic name entry element | HEXTALL'S APPLICATION |
| 650 ## - SUBJECT ADDED ENTRY--TOPICAL TERM | |
| Topical term or geographic name entry element | RESTRICTIVE COVENANT |
| 650 ## - SUBJECT ADDED ENTRY--TOPICAL TERM | |
| Topical term or geographic name entry element | PROPERTY-RURAL AND NATURAL ASSETS-AGRICULTURAL PROPERTY-AGRICULTURAL LAND |
| 690 ## - LOCAL SUBJECT ADDED ENTRY--TOPICAL TERM (OCLC, RLIN) | |
| Topical term or geographic name as entry element | PROPERTY AND LAND LAW-CASE LAW |
| 942 ## - ADDED ENTRY ELEMENTS (KOHA) | |
| Suppress in OPAC | 0 |
| Withdrawn status | Lost status | Source of classification or shelving scheme | Damaged status | Not for loan | Home library | Current library | Shelving location | Date acquired | Total Checkouts | Full call number | Barcode | Date last seen | Copy number | Price effective from | Koha item type |
|---|---|---|---|---|---|---|---|---|---|---|---|---|---|---|---|
| Dewey Decimal Classification | London | London | Journal article | 19/04/2000 | X105464 | 105464-1001 | 06/08/2019 | 1 | 06/08/2019 | Law report |